Statistics for Countries by Highest Population In 1600

Click here to take the quiz!

General Stats

  • This quiz has been taken 22 times
  • The average score is 5 of 10

Answer Stats

Popuation% of WorldCountry% Correct
150 000 00027.6Ming China
100%
18 500 0003.2Kingdom of France
90%
26 000 0004.5Ottoman Empire
85%
12 000 0002.1Japan
80%
30 000 0005.2Holy Roman Empire
70%
9 000 0001.6Tsardom of Russia
50%
56 000 00019.9Moghul Hindustan
15%
7 800 0001.3Habsburg Monarchy
10%
28 745 0005Iberian Union
0%
13 060 8602.3Kingdom of Morocco
0%

Score Distribution

Percentile by Number Answered

Percent of People with Each Score

Your Score History

You have not taken this quiz